Movies Quiz

Random Movies or Disney Quiz

Characters in Tron: Legacy Quiz Stats

 Plays Quiz not verified by Sporcle

Score 0/10 Timer 03:00
0 Plays Today
Hint Answer % Correct
Sam Flynn
89.5%
Kevin Flynn
88.2%
Tron/Rinzler
86.8%
Clu
82.9%
Quorra
72.4%
Alan Bradley
63.2%
Zuse/Castor
61.8%
Gem
60.5%
Marvin
46.1%
Jarvis
36.8%

You're not logged in!

Compare scores with friends on all Sporcle quizzes.
OR
Log In

Sporcle TV

Today on Sporcle TV


Watch our educational content, quiz creation guides, and fun videos on Sporcle TV.

Show Comments

Extras

Top Quizzes Today


Score Distribution

Your Account Isn't Verified!

In order to create a playlist on Sporcle, you need to verify the email address you used during registration. Go to your Sporcle Settings to finish the process.

Report this User

Report this user for behavior that violates our Community Guidelines.

Details: